书目信息 |
| 题名: |
小故事 大道理
|
|
| 作者: | 东方笑 , 东方笑 主编 | |
| 分册: | ||
| 出版信息: | 西安 陕西师范大学出版社 2005.06 |
|
| 页数: | 215页 | |
| 开本: | 23cm | |
| 丛书名: | 故事时代系列 | |
| 单 册: | ||
| 中图分类: | B821-49 | |
| 科图分类: | ||
| 主题词: | 人生哲学--ren sheng zhe xue--通俗读物 | |
| 电子资源: | ||
| ISBN: | 7-5613-3443-5 | |
| 000 | 01173nam 2200301 450 | |
| 001 | 012006048535 | |
| 005 | 20060905160230.39 | |
| 010 | @a7-5613-3443-5@dCNY25.00 | |
| 100 | @a20060611d2005 km y0chiy0120 ea | |
| 101 | 0 | @achi |
| 102 | @aCN@b610000 | |
| 105 | @aa z 000fy | |
| 200 | 1 | @a小故事 大道理@Axiao gu shi da dao li@d= Small Story Great Philosophy@e改变一生的N个哲理故事@f东方笑主编@Fdong fang xiao zhu bian@zeng |
| 210 | @a西安@c陕西师范大学出版社@d2005.06 | |
| 215 | @a215页@c图@d23cm | |
| 225 | 2 | @a故事时代系列@Agu shi shi dai xi lie@v1 |
| 300 | @a经典珍藏版 | |
| 314 | @a责任者东方笑主编取自版权页 | |
| 330 | @a本书通过讲述短小的故事,来阐述人生的大哲理。全书共分六章,内容包括:领略顶峰的境界,心灵也会笑,轻松每一刻,幸福一念之间,爱没有边崖,踏上永恒之路。 | |
| 410 | 0 | @12001 @a故事时代系列 |
| 510 | 1 | @aSmall Story Great Philosophy@zeng |
| 517 | 1 | @a改变一生的N个哲理故事@Agai bian yi sheng de N ge zhe li gu shi |
| 606 | 0 | @a人生哲学@Aren sheng zhe xue@j通俗读物 |
| 690 | @aB821-49@v4 | |
| 701 | 0 | @a东方笑@Adong fang xiao@4主编 |
| 701 | 0 | @a东方笑@Adong fang xiao@4主编 |
| 801 | 0 | @aCN@bQSSK@c20060905 |
| 905 | @a10447@dB821-49@eD663 | |
| 小故事 大道理= Small Story Great Philosophy:改变一生的N个哲理故事/东方笑主编.-西安:陕西师范大学出版社,2005.06 |
| 215页:图;23cm.-(故事时代系列;1) |
| 经典珍藏版 |
| ISBN 7-5613-3443-5:CNY25.00 |
| 本书通过讲述短小的故事,来阐述人生的大哲理。全书共分六章,内容包括:领略顶峰的境界,心灵也会笑,轻松每一刻,幸福一念之间,爱没有边崖,踏上永恒之路。 |
| ● |
| 相关链接 |
|
|
|
正题名:小故事 大道理
索取号:B821-49/D663
 
预约/预借
| 序号 | 登录号 | 条形码 | 馆藏地/架位号 | 状态 | 备注 |
| 1 | 584035 | 205840358 | 社科库509/509社科库 24排4列2层/ [索取号:B821-49/D663] | 在馆 | |
| 2 | 584036 | 205840367 | 社科库509/509社科库 24排4列2层/ [索取号:B821-49/D663] | 在馆 | |
| 3 | 584037 | 205840376 | 社科库509/509社科库 24排4列2层/ [索取号:B821-49/D663] | 在馆 |